[Event "GER-ch Blitz 2019"]
[Site "Magdeburg"]
[Date "2019.05.25"]
[Round "22.3"]
[White "Hebbinghaus, Holger"]
[Black "Schulz, Karsten"]
[Result "1/2-1/2"]
[WhiteElo "2310"]
[BlackElo "2227"]
[Annotator "NA"]
[PlyCount "136"]
[EventDate "2019.05.25"]
[EventType "tourn"]
[EventCountry "GER"]
[Tiebreak "Number of wins+Number of black wins"]
[SourceTitle "playchess.com"]
[Source "ChessBase"]
[SourceQuality "1"]
[TimeControl "180+2"]

1. e4 {[%emt 0:00:00]} g6 {[%emt 0:00:00]} 2. d4 {[%emt 0:00:00]} Bg7 {[%emt 0:
00:00]} 3. Nc3 {[%emt 0:00:00]} d6 {[%emt 0:00:00]} 4. Be3 {[%emt 0:00:01]} a6
{[%emt 0:00:00]} 5. f4 {[%emt 0:00:02]} b5 {[%emt 0:00:02]} 6. Be2 {[%emt 0:00:
01]} Bb7 {[%emt 0:00:01]} 7. Bf3 {[%emt 0:00:01]} Nd7 {[%emt 0:00:03]} 8. e5 {
[%emt 0:00:01]} Qc8 {[%emt 0:00:05]} 9. Qe2 {[%emt 0:00:02]} Nh6 {[%emt 0:00:
04]} 10. Nh3 {[%emt 0:00:11]} O-O {[%emt 0:00:14]} 11. O-O {[%emt 0:00:12]} e6
{[%emt 0:00:07]} 12. Bf2 {[%emt 0:00:25]} Nb6 {[%emt 0:00:18]} 13. Ne4 {
[%emt 0:00:18]} Nd5 {[%emt 0:00:34]} 14. exd6 {[%emt 0:00:16]} Bc6 {[%emt 0:00:
06]} 15. c3 {[%emt 0:00:13]} Qd7 {[%emt 0:00:06]} 16. dxc7 {[%emt 0:00:05]}
Qxc7 {[%emt 0:00:01]} 17. Bg3 {[%emt 0:00:14]} Nf5 {[%emt 0:00:06]} 18. Nc5 {
[%emt 0:00:07]} Rfe8 {[%emt 0:00:05]} 19. Nd3 {[%emt 0:00:03]} Nde3 {[%emt 0:
00:06]} 20. Rfe1 {[%emt 0:00:15]} Bxf3 {[%emt 0:00:05]} 21. gxf3 {[%emt 0:00:
05]} Rac8 {[%emt 0:00:15]} 22. Bf2 {[%emt 0:00:15]} Nd5 {[%emt 0:00:01]} 23.
Ne5 {[%emt 0:00:04]} Bh6 {[%emt 0:00:05]} 24. Bg3 {[%emt 0:00:05]} Qb7 {
[%emt 0:00:10]} 25. Qe4 {[%emt 0:00:06]} Nd6 {[%emt 0:00:03]} 26. Qe2 {[%emt 0:
00:03]} Nf5 {[%emt 0:00:01]} 27. Qe4 {[%emt 0:00:04]} a5 {[%emt 0:00:01]} 28.
Nf2 {[%emt 0:00:12]} Bg7 {[%emt 0:00:01]} 29. Nfd3 {[%emt 0:00:01]} Bf8 {
[%emt 0:00:03]} 30. Ng4 {[%emt 0:00:04]} h5 {[%emt 0:00:05]} 31. Nf6+ Kg7 {
[%emt 0:00:10]} 32. Nxe8+ {[%emt 0:00:05]} Rxe8 {[%emt 0:00:01]} 33. Bf2 {
[%emt 0:00:06]} Bd6 {[%emt 0:00:02]} 34. Ne5 {[%emt 0:00:01]} Qc7 {[%emt 0:00:
04]} 35. Rac1 {[%emt 0:00:02]} Nf6 {[%emt 0:00:08]} 36. Qe2 {[%emt 0:00:05]}
Rb8 {[%emt 0:00:02]} 37. c4 b4 {[%emt 0:00:01]} 38. d5 {[%emt 0:00:11]} Bc5 {
[%emt 0:00:16]} 39. dxe6 {[%emt 0:00:04]} fxe6 {[%emt 0:00:03]} 40. Bxc5 {
[%emt 0:00:02]} Qxc5+ {[%emt 0:00:01]} 41. Qf2 {[%emt 0:00:01]} Qc7 {[%emt 0:
00:01]} 42. Red1 {[%emt 0:00:03]} Rb7 {[%emt 0:00:05]} 43. c5 {[%emt 0:00:01]}
Nd5 {[%emt 0:00:05]} 44. c6 {[%emt 0:00:02]} Rb8 {[%emt 0:00:05]} 45. Rxd5 {
[%emt 0:00:04]} exd5 {[%emt 0:00:03]} 46. Qc5 {[%emt 0:00:01]} Rd8 {[%emt 0:00:
03]} 47. Rd1 {[%emt 0:00:02]} d4 {[%emt 0:00:03]} 48. Nd7 {[%emt 0:00:03]} Rxd7
{[%emt 0:00:09]} 49. cxd7 {[%emt 0:00:01]} Qxc5 {[%emt 0:00:01]} 50. d8=Q {
[%emt 0:00:02]} d3+ {[%emt 0:00:02]} 51. Kh1 {[%emt 0:00:02]} Nd4 {[%emt 0:00:
08]} 52. Qd7+ {[%emt 0:00:04]} Kh6 {[%emt 0:00:04]} 53. Qe8 {[%emt 0:00:06]}
Kh7 {[%emt 0:00:07]} 54. Qe4 {[%emt 0:00:02]} Ne2 {[%emt 0:00:08]} 55. Qxd3 {
[%emt 0:00:03]} Nxf4 {[%emt 0:00:03]} 56. Qd7+ {[%emt 0:00:03]} Kh6 {[%emt 0:
00:01]} 57. Qd4 {[%emt 0:00:03]} Qf5 {[%emt 0:00:02]} 58. Qd2 {[%emt 0:00:02]}
h4 {[%emt 0:00:03]} 59. Re1 {[%emt 0:00:03]} h3 {[%emt 0:00:02]} 60. Re4 {
[%emt 0:00:02]} g5 {[%emt 0:00:01]} 61. Qd6+ {[%emt 0:00:01]} Kh5 {[%emt 0:00:
02]} 62. Qd8 {[%emt 0:00:04]} Qc5 {[%emt 0:00:05]} 63. Qh8+ {[%emt 0:00:02]}
Kg6 {[%emt 0:00:01]} 64. Qg8+ {[%emt 0:00:03]} Kh6 {[%emt 0:00:04]} 65. Qh8+ {
[%emt 0:00:02]} Kg6 {[%emt 0:00:01]} 66. Qe8+ {[%emt 0:00:03]} Kh6 {[%emt 0:00:
02]} 67. Qh8+ {[%emt 0:00:03]} Kg6 {[%emt 0:00:00]} 68. Qg8+ {[%emt 0:00:01]}
Kh6 {[%emt 0:00:00]} 1/2-1/2

[Event "GER-ch Blitz 2019"]
[Site "Magdeburg"]
[Date "2019.05.25"]
[Round "22.4"]
[White "Stern, Rene"]
[Black "Barzen, Pascal"]
[Result "0-1"]
[WhiteElo "2538"]
[BlackElo "2292"]
[Annotator "ChessBase"]
[PlyCount "56"]
[EventDate "2019.05.25"]
[EventType "tourn"]
[EventCountry "GER"]
[Tiebreak "Number of wins+Number of black wins"]
[SourceTitle "playchess.com"]
[Source "ChessBase"]
[SourceQuality "1"]
[TimeControl "180+2"]

1. Nf3 {[%emt 0:00:00]} Nf6 {[%emt 0:00:00]} 2. c4 {[%emt 0:00:00]} e6 {
[%emt 0:00:00]} 3. Nc3 {[%emt 0:00:01]} d5 {[%emt 0:00:02]} 4. d4 {[%emt 0:00:
01]} Be7 {[%emt 0:00:02]} 5. Bg5 {[%emt 0:00:01]} O-O {[%emt 0:00:01]} 6. e3 {
[%emt 0:00:01]} b6 {[%emt 0:00:01]} 7. Qc2 {[%emt 0:00:06]} Bb7 {[%emt 0:00:01]
} 8. Bxf6 {[%emt 0:00:02]} Bxf6 {[%emt 0:00:01]} 9. cxd5 {[%emt 0:00:01]} exd5
{[%emt 0:00:02]} 10. Bd3 {[%emt 0:00:01]} g6 {[%emt 0:00:11]} 11. h4 c5 12. h5
{[%emt 0:00:15]} c4 {[%emt 0:00:13]} 13. Be2 {[%emt 0:00:01]} Re8 {[%emt 0:00:
06]} 14. O-O-O {[%emt 0:00:06]} Nc6 {[%emt 0:00:09]} 15. hxg6 {[%emt 0:00:05]}
hxg6 {[%emt 0:00:02]} 16. Kb1 {[%emt 0:00:28]} Nb4 {[%emt 0:00:12]} 17. Qd2 {
[%emt 0:00:13]} Bc8 {[%emt 0:00:02]} 18. Ka1 {[%emt 0:00:03]} Bf5 {[%emt 0:00:
05]} 19. Ne1 {[%emt 0:00:03]} b5 {[%emt 0:00:11]} 20. g4 {[%emt 0:00:01]} Be6 {
[%emt 0:00:11]} 21. f4 {[%emt 0:00:04]} Qa5 {[%emt 0:00:14]} 22. a3 {[%emt 0:
00:09]} Nc6 {[%emt 0:00:22]} 23. Nxd5 {[%emt 0:00:04]} Bxd5 {[%emt 0:00:03]}
24. Rh3 {[%emt 0:00:23]} b4 {[%emt 0:00:00]} 25. Nc2 {[%emt 0:00:05]} c3 {
[%emt 0:00:02]} 26. bxc3 {[%emt 0:00:03]} bxc3 {[%emt 0:00:02]} 27. Qc1 {
[%emt 0:00:04]} Rab8 {[%emt 0:00:08]} 28. Rdh1 {[%emt 0:00:15]} Rb2 {[%emt 0:
00:05]} 0-1

[Event "GER-ch Blitz 2019"]
[Site "Magdeburg"]
[Date "2019.05.25"]
[Round "22.5"]
[White "Heistermann, Till"]
[Black "Hirneise, Jens"]
[Result "0-1"]
[WhiteElo "2181"]
[BlackElo "2375"]
[Annotator "NA"]
[PlyCount "65"]
[EventDate "2019.05.25"]
[EventType "tourn"]
[EventCountry "GER"]
[Tiebreak "Number of wins+Number of black wins"]
[SourceTitle "playchess.com"]
[Source "ChessBase"]
[SourceQuality "1"]
[TimeControl "180+2"]

1. c4 {[%emt 0:00:00]} g6 {[%emt 0:00:00]} 2. g3 {[%emt 0:00:00]} Bg7 {[%emt 0:
00:00]} 3. Bg2 {[%emt 0:00:00]} Nf6 {[%emt 0:00:00]} 4. Nc3 {[%emt 0:00:00]}
O-O 5. e3 d6 {[%emt 0:00:03]} 6. Nge2 {[%emt 0:00:01]} e5 {[%emt 0:00:10]} 7.
O-O {[%emt 0:00:03]} Re8 {[%emt 0:00:02]} 8. d3 {[%emt 0:00:01]} c6 {[%emt 0:
00:03]} 9. Rb1 {[%emt 0:00:16]} a5 {[%emt 0:00:10]} 10. a3 {[%emt 0:00:01]} Be6
{[%emt 0:00:04]} 11. b4 {[%emt 0:00:08]} axb4 {[%emt 0:00:01]} 12. axb4 {
[%emt 0:00:00]} d5 {[%emt 0:00:20]} 13. cxd5 {[%emt 0:00:09]} cxd5 {[%emt 0:00:
01]} 14. Bb2 {[%emt 0:00:02]} Nc6 {[%emt 0:00:10]} 15. b5 {[%emt 0:00:07]} Ne7
{[%emt 0:00:02]} 16. Qd2 {[%emt 0:00:11]} Qd7 {[%emt 0:00:06]} 17. Rfc1 {
[%emt 0:00:07]} Bh3 {[%emt 0:00:06]} 18. Bh1 {[%emt 0:00:01]} h5 {[%emt 0:00:
02]} 19. d4 {[%emt 0:00:59]} e4 {[%emt 0:00:05]} 20. Ra1 {[%emt 0:00:07]} Nh7 {
[%emt 0:00:21]} 21. Nf4 {[%emt 0:00:06]} Bg4 {[%emt 0:00:16]} 22. h3 {[%emt 0:
00:11]} Bxh3 {[%emt 0:00:11]} 23. Nxh3 {[%emt 0:00:01]} Qxh3 {[%emt 0:00:02]}
24. Bg2 {[%emt 0:00:00]} Qf5 {[%emt 0:00:04]} 25. Ba3 {[%emt 0:00:11]} Bf8 {
[%emt 0:00:09]} 26. Bxe7 {[%emt 0:00:01]} Bxe7 {[%emt 0:00:01]} 27. Qb2 {
[%emt 0:00:10]} h4 {[%emt 0:00:08]} 28. Qb3 {[%emt 0:00:36]} hxg3 {[%emt 0:00:
52]} 29. fxg3 {[%emt 0:00:01]} Nf6 {[%emt 0:00:03]} 30. Rxa8 {[%emt 0:00:07]}
Rxa8 {[%emt 0:00:01]} 31. Rf1 {[%emt 0:00:20]} Qg5 {[%emt 0:00:01]} 32. Ne2 {
[%emt 0:00:03]} Ra3 {[%emt 0:00:11]} 33. Qd1 0-1

[Event "GER-ch Blitz 2019"]
[Site "Magdeburg"]
[Date "2019.05.25"]
[Round "22.6"]
[White "Frischmann, Rick"]
[Black "Braeuning, Rudolf Wilhelm"]
[Result "1-0"]
[WhiteElo "2320"]
[BlackElo "2285"]
[Annotator "NA"]
[PlyCount "59"]
[EventDate "2019.05.25"]
[EventType "tourn"]
[EventCountry "GER"]
[Tiebreak "Number of wins+Number of black wins"]
[SourceTitle "playchess.com"]
[Source "ChessBase"]
[SourceQuality "1"]
[TimeControl "180+2"]

1. e4 {[%emt 0:00:00]} c5 {[%emt 0:00:00]} 2. Nf3 {[%emt 0:00:01]} g6 {[%emt 0:
00:00]} 3. d4 {[%emt 0:00:01]} cxd4 4. c3 d5 {[%emt 0:00:08]} 5. Qxd4 {[%emt 0:
00:18]} Nf6 {[%emt 0:00:06]} 6. e5 {[%emt 0:00:09]} Nc6 {[%emt 0:00:02]} 7. Bb5
{[%emt 0:00:02]} Ne4 {[%emt 0:00:19]} 8. O-O {[%emt 0:00:34]} Bg7 {[%emt 0:00:
05]} 9. c4 {[%emt 0:00:05]} e6 {[%emt 0:00:40]} 10. Nc3 {[%emt 0:00:31]} Nxc3 {
[%emt 0:00:04]} 11. bxc3 {[%emt 0:00:02]} O-O {[%emt 0:00:03]} 12. Bxc6 {
[%emt 0:00:02]} bxc6 {[%emt 0:00:01]} 13. Bg5 {[%emt 0:00:04]} Qa5 {[%emt 0:00:
08]} 14. Qh4 {[%emt 0:00:04]} Qxc3 {[%emt 0:00:17]} 15. Rac1 {[%emt 0:00:01]}
Qd3 {[%emt 0:00:04]} 16. Bh6 {[%emt 0:00:20]} f6 {[%emt 0:00:40]} 17. Bxg7 {
[%emt 0:00:06]} Kxg7 {[%emt 0:00:01]} 18. exf6+ {[%emt 0:00:11]} Rxf6 {[%emt 0:
00:01]} 19. Ne5 {[%emt 0:00:46]} Qf5 {[%emt 0:00:04]} 20. Nxc6 {[%emt 0:00:09]}
Bd7 {[%emt 0:00:05]} 21. cxd5 {[%emt 0:00:03]} exd5 {[%emt 0:00:02]} 22. Nd4 {
[%emt 0:00:01]} Qe5 {[%emt 0:00:12]} 23. Rfd1 {[%emt 0:00:03]} Raf8 {[%emt 0:
00:04]} 24. Nf3 {[%emt 0:00:02]} Rxf3 {[%emt 0:00:09]} 25. gxf3 {[%emt 0:00:00]
} Rxf3 {[%emt 0:00:10]} 26. Re1 {[%emt 0:00:01]} Qf6 {[%emt 0:00:22]} 27. Re7+
{[%emt 0:00:01]} Kf8 {[%emt 0:00:01]} 28. Qxf6+ Rxf6 {[%emt 0:00:02]} 29. Rxd7
{[%emt 0:00:02]} Ke8 {[%emt 0:00:01]} 30. Rxa7 {[%emt 0:00:01]} 1-0

[Event "GER-ch Blitz 2019"]
[Site "Magdeburg"]
[Date "2019.05.25"]
[Round "22.7"]
[White "Voege, Tobias"]
[Black "Zuyev, Igor"]
[Result "1/2-1/2"]
[WhiteElo "2294"]
[BlackElo "2447"]
[Annotator "NA"]
[PlyCount "106"]
[EventDate "2019.05.25"]
[EventType "tourn"]
[EventCountry "GER"]
[Tiebreak "Number of wins+Number of black wins"]
[SourceTitle "playchess.com"]
[Source "ChessBase"]
[SourceQuality "1"]
[TimeControl "180+2"]

1. d4 {[%emt 0:00:00]} Nf6 {[%emt 0:00:00]} 2. c4 {[%emt 0:00:00]} e6 {[%emt 0:
00:00]} 3. Nc3 {[%emt 0:00:01]} Bb4 {[%emt 0:00:01]} 4. Nf3 {[%emt 0:00:01]}
Nc6 {[%emt 0:00:11]} 5. Bg5 {[%emt 0:00:08]} d5 {[%emt 0:00:06]} 6. e3 {
[%emt 0:00:04]} h6 {[%emt 0:00:05]} 7. Bh4 {[%emt 0:00:01]} g5 {[%emt 0:00:08]}
8. Bg3 {[%emt 0:00:02]} Ne4 {[%emt 0:00:05]} 9. Qc2 {[%emt 0:00:05]} h5 {
[%emt 0:00:05]} 10. h4 {[%emt 0:00:11]} Nxg3 {[%emt 0:00:06]} 11. fxg3 {
[%emt 0:00:01]} gxh4 {[%emt 0:00:03]} 12. gxh4 {[%emt 0:00:21]} Qd6 {[%emt 0:
00:05]} 13. O-O-O {[%emt 0:00:13]} Bxc3 {[%emt 0:00:05]} 14. bxc3 {[%emt 0:00:
12]} Bd7 {[%emt 0:00:06]} 15. c5 {[%emt 0:00:42]} Qf8 {[%emt 0:00:05]} 16. c4 {
[%emt 0:00:13]} Qh6 {[%emt 0:00:07]} 17. Qd2 {[%emt 0:00:41]} O-O-O {[%emt 0:
00:09]} 18. Ng5 {[%emt 0:00:18]} Qg7 {[%emt 0:00:06]} 19. cxd5 {[%emt 0:00:06]}
exd5 {[%emt 0:00:05]} 20. Bd3 {[%emt 0:00:01]} Rde8 {[%emt 0:00:06]} 21. Rde1 {
[%emt 0:00:03]} f6 {[%emt 0:00:07]} 22. Nh3 {[%emt 0:00:01]} Bxh3 {[%emt 0:00:
10]} 23. Rxh3 {[%emt 0:00:01]} Rhg8 {[%emt 0:00:05]} 24. Re2 {[%emt 0:00:05]}
Qh6 {[%emt 0:00:08]} 25. Rf3 {[%emt 0:00:01]} Kb8 {[%emt 0:00:08]} 26. Ref2 {
[%emt 0:00:02]} Re6 {[%emt 0:00:07]} 27. Bf5 {[%emt 0:00:01]} Re7 {[%emt 0:00:
06]} 28. Bh3 {[%emt 0:00:02]} a6 {[%emt 0:00:07]} 29. Rxf6 {[%emt 0:00:02]}
Qxe3 {[%emt 0:00:05]} 30. Rf8+ {[%emt 0:00:02]} Rxf8 {[%emt 0:00:06]} 31. Rxf8+
{[%emt 0:00:01]} Ka7 {[%emt 0:00:02]} 32. Qxe3 {[%emt 0:00:03]} Rxe3 {[%emt 0:
00:02]} 33. Rh8 {[%emt 0:00:05]} Re1+ {[%emt 0:00:05]} 34. Kd2 {[%emt 0:00:02]}
Re4 {[%emt 0:00:05]} 35. Rxh5 {[%emt 0:00:02]} Rxd4+ {[%emt 0:00:05]} 36. Ke3 {
[%emt 0:00:02]} Re4+ {[%emt 0:00:05]} 37. Kd2 {[%emt 0:00:01]} Ra4 {[%emt 0:00:
05]} 38. Rxd5 {[%emt 0:00:03]} Rxh4 {[%emt 0:00:06]} 39. Rd7 {[%emt 0:00:02]}
Rh5 {[%emt 0:00:06]} 40. Rxc7 {[%emt 0:00:02]} Rxc5 {[%emt 0:00:06]} 41. Rh7 {
[%emt 0:00:03]} Ra5 {[%emt 0:00:03]} 42. Bc8 {[%emt 0:00:02]} Rxa2+ {[%emt 0:
00:06]} 43. Kc3 {[%emt 0:00:01]} Na5 {[%emt 0:00:06]} 44. g4 {[%emt 0:00:02]}
Re2 {[%emt 0:00:09]} 45. g5 {[%emt 0:00:04]} Rg2 {[%emt 0:00:06]} 46. Rg7 {
[%emt 0:00:02]} Kb6 {[%emt 0:00:07]} 47. Bf5 {[%emt 0:00:03]} Kc5 {[%emt 0:00:
05]} 48. g6 {[%emt 0:00:02]} Rg3+ {[%emt 0:00:08]} 49. Kd2 {[%emt 0:00:01]} Rg5
{[%emt 0:00:02]} 50. Bd3 {[%emt 0:00:01]} b5 {[%emt 0:00:02]} 51. Ra7 {[%emt 0:
00:03]} Nc4+ {[%emt 0:00:05]} 52. Bxc4 {[%emt 0:00:03]} Kxc4 {[%emt 0:00:01]}
53. Rxa6 {[%emt 0:00:01]} b4 {[%emt 0:00:02]} 1/2-1/2

[Event "GER-ch Blitz 2019"]
[Site "Magdeburg"]
[Date "2019.05.25"]
[Round "22.8"]
[White "Stein, Robert"]
[Black "Feuerstack, Aljoscha"]
[Result "0-1"]
[WhiteElo "2318"]
[BlackElo "2441"]
[Annotator "NA"]
[PlyCount "134"]
[EventDate "2019.05.25"]
[EventType "tourn"]
[EventCountry "GER"]
[Tiebreak "Number of wins+Number of black wins"]
[SourceTitle "playchess.com"]
[Source "ChessBase"]
[SourceQuality "1"]
[TimeControl "180+2"]

1. d4 {[%emt 0:00:00]} Nf6 {[%emt 0:00:00]} 2. c4 {[%emt 0:00:01]} c5 {[%emt 0:
00:00]} 3. Nf3 {[%emt 0:00:04]} cxd4 {[%emt 0:00:01]} 4. Nxd4 {[%emt 0:00:00]}
e5 {[%emt 0:00:02]} 5. Nb5 {[%emt 0:00:01]} d5 {[%emt 0:00:03]} 6. cxd5 {
[%emt 0:00:01]} Bc5 {[%emt 0:00:01]} 7. N5c3 {[%emt 0:00:00]} O-O {[%emt 0:00:
02]} 8. g3 {[%emt 0:00:01]} e4 {[%emt 0:00:06]} 9. Bg2 {[%emt 0:00:09]} Qe7 {
[%emt 0:00:03]} 10. O-O {[%emt 0:00:05]} Bf5 {[%emt 0:00:06]} 11. Bg5 {[%emt 0:
00:07]} Nbd7 {[%emt 0:00:05]} 12. e3 {[%emt 0:00:19]} h6 {[%emt 0:00:20]} 13.
Bxf6 {[%emt 0:00:01]} Nxf6 {[%emt 0:00:01]} 14. Nd2 {[%emt 0:00:02]} Rad8 {
[%emt 0:00:08]} 15. Qb3 {[%emt 0:00:02]} Rfe8 {[%emt 0:00:12]} 16. Rad1 {
[%emt 0:00:19]} a6 {[%emt 0:00:08]} 17. a4 {[%emt 0:00:01]} Qd7 {[%emt 0:00:22]
} 18. Nc4 {[%emt 0:00:04]} Bh3 {[%emt 0:00:13]} 19. Rd2 {[%emt 0:00:11]} Qf5 {
[%emt 0:00:38]} 20. a5 {[%emt 0:00:53]} Qh5 {[%emt 0:00:11]} 21. Ne2 {[%emt 0:
00:18]} Bxg2 {[%emt 0:00:35]} 22. Kxg2 {[%emt 0:00:01]} Rxd5 {[%emt 0:00:10]}
23. Nf4 {[%emt 0:00:08]} Qf3+ {[%emt 0:00:01]} 24. Kg1 {[%emt 0:00:01]} Rg5 {
[%emt 0:00:05]} 25. Qd1 {[%emt 0:00:10]} Bb4 {[%emt 0:00:01]} 26. Rd4 {[%emt 0:
00:22]} Bxa5 {[%emt 0:00:01]} 27. Nd6 {[%emt 0:00:09]} Re7 {[%emt 0:00:04]} 28.
Qxf3 {[%emt 0:00:06]} exf3 {[%emt 0:00:02]} 29. Rc1 {[%emt 0:00:01]} Bb6 {
[%emt 0:00:04]} 30. Nc8 {[%emt 0:00:03]} Bxd4 {[%emt 0:00:02]} 31. Nxe7+ {
[%emt 0:00:01]} Kf8 32. Neg6+ {[%emt 0:00:03]} Ke8 {[%emt 0:00:07]} 33. h4 {
[%emt 0:00:13]} Rb5 {[%emt 0:00:01]} 34. exd4 {[%emt 0:00:01]} fxg6 {[%emt 0:
00:02]} 35. Rc2 {[%emt 0:00:02]} g5 {[%emt 0:00:01]} 36. hxg5 {[%emt 0:00:01]}
hxg5 {[%emt 0:00:00]} 37. Nd3 {[%emt 0:00:01]} g4 {[%emt 0:00:01]} 38. Kf1 {
[%emt 0:00:03]} Nd5 {[%emt 0:00:03]} 39. Ke1 {[%emt 0:00:05]} Rb3 {[%emt 0:00:
01]} 40. Nc5 {[%emt 0:00:05]} Rb4 {[%emt 0:00:02]} 41. Rd2 {[%emt 0:00:03]} b6
42. Ne6 {[%emt 0:00:01]} Rc4 {[%emt 0:00:03]} 43. Ng5 {[%emt 0:00:03]} Nb4 {
[%emt 0:00:02]} 44. Kd1 {[%emt 0:00:00]} a5 45. Ne4 {[%emt 0:00:01]} Rc6 {
[%emt 0:00:02]} 46. d5 {[%emt 0:00:02]} Rh6 {[%emt 0:00:01]} 47. Rd4 {[%emt 0:
00:02]} Kd7 48. Kd2 {[%emt 0:00:01]} Rh1 {[%emt 0:00:04]} 49. Nc3 {[%emt 0:00:
00]} Na6 {[%emt 0:00:04]} 50. Rxg4 {[%emt 0:00:01]} Kd6 {[%emt 0:00:01]} 51.
Rg6+ {[%emt 0:00:01]} Ke5 {[%emt 0:00:01]} 52. Rxb6 {[%emt 0:00:03]} Nc5 {
[%emt 0:00:01]} 53. Rb5 {[%emt 0:00:02]} Kd4 {[%emt 0:00:02]} 54. d6 {[%emt 0:
00:02]} Rh2 {[%emt 0:00:11]} 55. Rxc5 {[%emt 0:00:10]} Kxc5 {[%emt 0:00:02]}
56. d7 {[%emt 0:00:02]} Rh8 {[%emt 0:00:00]} 57. Ke3 {[%emt 0:00:00]} Rd8 {
[%emt 0:00:02]} 58. Kxf3 {[%emt 0:00:01]} Rxd7 {[%emt 0:00:00]} 59. Ke2 {
[%emt 0:00:01]} Rb7 {[%emt 0:00:01]} 60. Nd1 {[%emt 0:00:01]} Kd4 {[%emt 0:00:
01]} 61. Kd2 {[%emt 0:00:01]} g5 {[%emt 0:00:02]} 62. f3 {[%emt 0:00:01]} Rb3 {
[%emt 0:00:02]} 63. Ke2 {[%emt 0:00:02]} a4 {[%emt 0:00:01]} 64. Kf2 {[%emt 0:
00:05]} Kd3 {[%emt 0:00:01]} 65. f4 {[%emt 0:00:04]} Kc2 {[%emt 0:00:05]} 66.
f5 {[%emt 0:00:04]} Kxd1 {[%emt 0:00:02]} 67. f6 {[%emt 0:00:01]} Rb6 {[%emt 0:
00:01]} 0-1

[Event "GER-ch Blitz 2019"]
[Site "Magdeburg"]
[Date "2019.05.25"]
[Round "22.9"]
[White "Wichmann, Cliff"]
[Black "Schmaltz, Roland"]
[Result "0-1"]
[WhiteElo "2280"]
[BlackElo "2461"]
[Annotator "ChessBase"]
[PlyCount "76"]
[EventDate "2019.05.25"]
[EventType "tourn"]
[EventCountry "GER"]
[Tiebreak "Number of wins+Number of black wins"]
[SourceTitle "playchess.com"]
[Source "ChessBase"]
[SourceQuality "1"]
[TimeControl "180+2"]

1. d4 {[%emt 0:00:00]} Nf6 {[%emt 0:00:00]} 2. c4 {[%emt 0:00:00]} g6 {[%emt 0:
00:00]} 3. Nc3 {[%emt 0:00:01]} Bg7 {[%emt 0:00:00]} 4. e4 {[%emt 0:00:01]} d6
{[%emt 0:00:00]} 5. Nf3 {[%emt 0:00:01]} O-O {[%emt 0:00:02]} 6. Be2 {[%emt 0:
00:01]} e5 {[%emt 0:00:00]} 7. Be3 {[%emt 0:00:02]} Na6 {[%emt 0:00:01]} 8. O-O
{[%emt 0:00:03]} c6 {[%emt 0:00:01]} 9. d5 {[%emt 0:00:02]} Ng4 {[%emt 0:00:02]
} 10. Bg5 {[%emt 0:00:04]} f6 {[%emt 0:00:01]} 11. Bh4 {[%emt 0:00:02]} c5 {
[%emt 0:00:03]} 12. Nd2 {[%emt 0:00:03]} Nh6 {[%emt 0:00:02]} 13. f3 {[%emt 0:
00:04]} Nf7 {[%emt 0:00:01]} 14. a3 {[%emt 0:00:10]} Bh6 {[%emt 0:00:07]} 15.
Rb1 {[%emt 0:00:11]} Be3+ {[%emt 0:00:07]} 16. Kh1 {[%emt 0:00:02]} Bd7 {
[%emt 0:00:08]} 17. Qc2 {[%emt 0:00:09]} Bg5 {[%emt 0:00:16]} 18. Bf2 {[%emt 0:
00:10]} f5 {[%emt 0:00:02]} 19. exf5 {[%emt 0:00:02]} gxf5 {[%emt 0:00:01]} 20.
Bd3 {[%emt 0:00:01]} Qf6 {[%emt 0:00:07]} 21. Bg3 {[%emt 0:00:29]} Qh6 {
[%emt 0:00:04]} 22. Nb3 {[%emt 0:00:15]} Nh8 {[%emt 0:00:10]} 23. Na5 {[%emt 0:
00:05]} b6 {[%emt 0:00:07]} 24. Nc6 {[%emt 0:00:02]} Ng6 {[%emt 0:00:05]} 25.
b4 {[%emt 0:00:09]} Rf7 {[%emt 0:00:10]} 26. Nb5 {[%emt 0:00:05]} Nf4 {[%emt 0:
00:05]} 27. Nbxa7 {[%emt 0:00:16]} Kh8 {[%emt 0:00:03]} 28. bxc5 {[%emt 0:00:
06]} Nxc5 {[%emt 0:00:03]} 29. Be2 {[%emt 0:00:03]} Nh5 {[%emt 0:00:16]} 30.
Be1 {[%emt 0:00:18]} Bf4 {[%emt 0:00:03]} 31. Kg1 {[%emt 0:00:14]} Rg8 {
[%emt 0:00:10]} 32. g3 {[%emt 0:00:06]} Be3+ {[%emt 0:00:11]} 33. Kh1 {[%emt 0:
00:07]} Rxg3 {[%emt 0:00:10]} 34. Bxg3 {[%emt 0:00:05]} Nxg3+ {[%emt 0:00:01]}
35. Kg2 {[%emt 0:00:02]} Rg7 {[%emt 0:00:08]} 36. hxg3 {[%emt 0:00:09]} Rxg3+ {
[%emt 0:00:01]} 37. Kxg3 {[%emt 0:00:01]} f4+ {[%emt 0:00:01]} 38. Kg2 {
[%emt 0:00:03]} Qh3# 0-1